One Piece Main and Secondary Characters by Arc (until Impel Down) - Statistics

General Stats
  • This quiz has been taken 346 times
    334 since last reset
  • The average score is 91 of 199
Answer Stats
Arc Sub-Arc N° OF EPISODES Character % Correct
East Blue Romance Dawn 3 Monkey D. Luffy
98%
Roronoa Zoro
98%
Nami
95%
Koby
92%
Buggy
88%
Syrup Village 10 Usopp
87%
Baratie 12 Sanji
86%
Morgan
84%
Helmeppo
83%
Alvida
81%
Arlong Park 14 Arlong
80%
Orange Town 5 Shanks
76%
Tony Tony Chopper
76%
Miss Wednesday
75%
Diary of Koby-Meppo 2 Monkey D. Garp
75%
Nefertari Vivi
75%
Loguetown 7 Smoker
75%
Mr. 1 (Daz Bonez)
74%
Mr 2. (Bon Clay)
74%
Little Garden 8 Mr. 3 (Galdino)
74%
Zeff
74%
Water 7 35 Franky
73%
Kuro
73%
Miss All Sunday
73%
Mr. 5 (Gem)
73%
Nico Robin
73%
Crocodile
72%
Kaya
71%
Don Krieg
69%
Mr. 4 (Babe)
68%
Amazon Lily 10 Boa Hancock
67%
Enel
67%
Arabasta Reverse Mountain 2 Laboon
67%
Arabasta 39 Portgas D. Ace
67%
Thriller Bark Thriller Bark 45 Brook
66%
Hatchan
66%
Rob Lucci
66%
Tashigi
66%
Gecko Moria
65%
Kureha
65%
Dracule Mihawk
64%
Marshall D. Teach (Blackbeard)
64%
Mr. 9
64%
Brogy
63%
Crocus
63%
Silvers Rayleigh
63%
Dorry
62%
Monkey D. Dragon
62%
Wapol
62%
Bartholomew Kuma
61%
Foxy
61%
Gin
61%
Iceburg
60%
Kaku
60%
Sky Island Jaya 9 Bellamy
58%
Jinbe
58%
Kalifa
58%
Perona
58%
Water 7 Long Ring Long Land 13 Aokiji (Kuzan)
57%
Eustass Kid
57%
Nefertari Cobra
57%
Trafalgar D. Water Law
57%
Kizaru (Borsalino)
56%
Nojiko
56%
Enies Lobby 46 Spandam
56%
Gol D. Roger
55%
Merry
55%
Miss Merrychristmas (Drophy)
55%
Jango
54%
Lucky Roux
54%
Impel Down 27 Magellan
54%
Yasopp
54%
Absalom
53%
Blueno
53%
Richie
53%
Belle-mère
52%
Cabaji
52%
Jewelry Bonney
52%
Paulie
52%
Pell
52%
Dalton
51%
Basil Hawkins
50%
Miss Goldenweek (Marianne)
50%
Miss Valentine (Mikita)
50%
Benn Beckman
49%
Killer
49%
Donquixote Doflamingo
48%
Miss Doublefinger (Zala)
48%
Capone Bege
47%
Mohji
47%
Urouge
47%
Wyper
47%
Tom
46%
Hogback
45%
Whisky Peak 4 Igaram
45%
Miss Monday
45%
Summit War Sabaody Archipelago 21 Camie
44%
Chew
44%
Emporio Ivankov
44%
Kokoro
44%
Mont Blanc Noland
44%
Makino
43%
Mont Blanc Cricket
43%
Boa Marigold
42%
Jesus Burgess
42%
Patty
42%
Pearl
42%
Scratchmen Apoo
42%
Edward Newgate (Whitebeard)
41%
Jabra
41%
Oars
41%
Akainu (Sakazuki)
40%
Boa Sandersonia
40%
Fullbody
40%
Shakuyaku
40%
Doc Q
39%
Genzo
39%
Sengoku
39%
Karoo
38%
Mr. 13
38%
Hannyabal
37%
Laffitte
37%
Lola
37%
Chaka
36%
Skypiea 43 Gan Fall
36%
Shimotsuki Ryuma
36%
Conis
35%
Fukurou
35%
Kuroobi
35%
Sentomaru
35%
Van Augur
35%
Bepo
34%
Pappag
34%
Carne
33%
Inazuma
33%
Johnny
33%
Koza
33%
Chimney
32%
Kumadori
32%
Miss Friday
32%
Marguerite
31%
Bogard
30%
Kalgara
30%
Marco
30%
Ohm
30%
Drum Island 4 Chess
29%
Porche
29%
Satori
29%
Jaguar D. Saul
28%
Sham
28%
Su
28%
Kiwi
27%
Sadi
27%
Yosaku
27%
Buchi
26%
Elder Nyon (Gloriosa)
26%
Funkfreed
26%
Gedatsu
26%
Hamburg
26%
Higuma
26%
Pierre
26%
Aisa
25%
Clover
25%
Duval
25%
Gonbe
25%
Nico Olvia
25%
Shiryu
25%
Hiluluk
24%
Mozu
24%
Peepley Lulu
24%
Tilestone
24%
Tsuru
24%
Victoria Cindry
24%
Kuina
23%
Masira
23%
Pagaya
23%
Stronger
23%
Domino
22%
Shura
21%
Spandine
21%
Hina
20%
Shoujou
20%
Yokozuna
20%
Zambai
20%
Gomorrah
19%
Kuromarimo
19%
Sodom
19%
Gaimon
18%
Baskerville
17%
Oimo
17%
Penguin
17%
Saldeath
17%
Yama
17%
Kashii
15%
Jean Bart
13%
Amazon
12%
Hildon
10%
Kamakiri
10%
Brahm
4%
No matching quizzes found
Score Distribution
Percent of People with Each Score
Percentile by Number Answered
Your Score History
You have not taken this quiz since the last reset